00318nam a2200109Ia 450000500170000000800410001710000230005824500830008126000130016430000110017765000200018820260328104309.0260328s9999||||xx |||||||||||||| ||und|| aVan Der Rohe, Mies 0aYes is More :b an Archicomic on Architectural Evolution /cMies Van Der Rohe bTaschen  a397 p. aGehry, Frank O.